000
00215nam a2200097Ia 4500
008
220204s9999 xx 000 0 und d
082
_a
82-34
_b
FOL
100
_a
Asha Dhar
245
0
_a
Folk tales of Iran
942
_c
BK
999
_c
32474
_d
32474